000 01676nam a22002777i 4500
999 _c23659
_d23659
003 AR-CdUCM
008 260429b2014 sp do||| |||| 00| 0 spa d
020 _a978-5-396-00393-4
040 _aMUNICIPALIDAD PROVINCIAL DEL CUSCO
_cBIBLIOTECA MUNICIPAL DEL CUSCO
041 _hspa
082 _a520
_bU92
100 _aUshakov, Ígor
_952795
245 _aIdeas geniales en la historia de la ciencia :
_b1: Investigando el universo /
260 _aEspaña :
_bKRASAND
_c2014
300 _a200 páginas. :
_c14,5x21,5 cm.
505 _aIntroducción a la exploración del universo -- Origen de las ideas científicas sobre el cosmos -- Modelos antiguos del universo (geocentrismo y heliocentrismo) -- Aportes de Copérnico, Galileo y Kepler -- Las leyes del movimiento planetario -- El desarrollo de la astronomía moderna -- La teoría de la gravitación universal -- Descubrimientos sobre las estrellas y galaxias -- El nacimiento de la astrofísica -- La teoría del Big Bang y el origen del universo -- La expansión del universo -- Los agujeros negros y fenómenos extremos -- La exploración espacial y los avances tecnológicos -- Telescopios y métodos de observación astronómica -- La búsqueda de vida extraterrestre -- Perspectivas futuras de la investigación del universo
650 _aAstronomía - Historia
_952796
650 _aUniverso - Origen
_952797
650 _aCosmología
_913090
650 _aCiencia - Historia
_952798
650 _aAstrofísica
_952799
650 _aExploración espacial
_952800
700 _aNavarro Hernández, Carlos Daniel (traductor de ruso al español)
_952772
942 _2ddc
_cLIBROS
945 _aesh
_d29-04-2026